|
|
|
|
| LEADER |
03442njm a2200637 i 4500 |
| 001 |
001846860 |
| 003 |
CZ BrMZK |
| 005 |
20230411090656.0 |
| 007 |
sd fungnnmmned |
| 008 |
230127t20222022xr munng f n cze |
| 024 |
3 |
|
|a 8594029812499
|
| 028 |
0 |
1 |
|a UP 0249
|b ArcoDiva
|
| 040 |
|
|
|a BOA001
|b cze
|e rda
|
| 041 |
0 |
|
|d cze
|g cze
|g eng
|
| 047 |
|
|
|a sg
|a cr
|
| 072 |
|
7 |
|x Vokální hudba
|a 784
|2 Konspekt
|9 9
|
| 080 |
|
|
|a 784
|2 MRF
|
| 080 |
|
|
|a 784.68:398.332.416
|2 MRF
|
| 080 |
|
|
|a 783.65
|2 MRF
|
| 080 |
|
|
|a 78.088
|2 MRF
|
| 080 |
|
|
|a (086.76)
|2 MRF
|
| 245 |
0 |
0 |
|a Slyšte, slyšte... :
|b Czech Christmas songs and carols /
|c Q VOX
|
| 264 |
|
1 |
|a [Praha] :
|b ArcoDiva,
|c [2022]
|
| 264 |
|
4 |
|c ℗2022
|
| 300 |
|
|
|a 1 CD audio (56:54) ;
|c 12 cm
|
| 306 |
|
|
|a 005654
|
| 336 |
|
|
|a hraná hudba
|b prm
|2 rdacontent
|
| 337 |
|
|
|a audio
|b s
|2 rdamedia
|
| 338 |
|
|
|a audiodisk
|b sd
|2 rdacarrier
|
| 344 |
|
|
|a digital
|b optical
|2 rda
|
| 347 |
|
|
|a audio soubor
|b CD audio
|2 rda
|
| 500 |
|
|
|a Název z disku
|
| 500 |
|
|
|a Informace o interpretech česky a anglicky v pouzdru
|
| 500 |
|
|
|a Aranžmá většiny skladeb Jaroslav Krček
|
| 505 |
0 |
0 |
|t Slyšte, slyšte pastuškové --
|t Já bych rád k Betlému --
|t Co se stalo nenadále --
|t Otce nebeského --
|t Rosu dejte --
|t Veselme se všickni nyní --
|t Vánoční ukolébavka /
|r Břetislav Bakala --
|t Skrytá střela těla Božího /
|r Adam Václav Michna --
|t Bratři, já jsem slyšel z nebe hlas --
|t Hajej, nynej --
|t Ave Maria /
|r Stanislav Mach --
|t Z nebe posel vychází /
|r Adam Václav Michna --
|t Z hvězdy vyšlo slunce --
|t Spanilá z archy holubičko /
|r Václav Karel Holan Rovenský --
|t Pastorela č. 4 /
|r Ladislav Mach --
|t Veselé vánoční hody --
|t Jak jsi krásné neviňátko --
|t Pastuškové vstávejte --
|t Žežulka z lesa vylítla --
|t Padla rosa studená --
|t Sladké hody těla Božího /
|r Adam Václav Michna --
|t My tři králové jdeme k vám --
|t Beatus vir /
|r Zdeněk Fibich --
|t Ej, poslyšte kamarádi --
|t Před Vánoci celej tejden --
|t Ejhle chasa naša --
|t Nesem vám noviny --
|t Tichá noc /
|r Franz Xaver Gruber
|
| 511 |
1 |
|
|a Lenka Cacourková, soprán ; Helena Fialová, klavír, Jana Krejčí, klariner ; Jaroslav Krček, zpěv, zvonek ; mužské vokální kvarteto Q VOX (Petr Julíček, Tomáš Badura, Tomáš Krejčí, Pavel Maška)
|
| 650 |
0 |
7 |
|a vokální hudba
|7 ph116628
|2 czenas
|
| 655 |
0 |
7 |
|a vánoční písně
|7 fd1097563
|2 czenas
|
| 655 |
|
7 |
|a koledy (hudba)
|7 fd994965
|2 czenas
|
| 655 |
|
7 |
|a aranžmá (hudba)
|7 fd980034
|2 czenas
|
| 655 |
|
7 |
|a kompaktní disky
|7 fd201991
|2 czenas
|
| 700 |
1 |
|
|a Bakala, Břetislav,
|d 1897-1958
|7 jn20000728016
|4 cmp
|
| 700 |
1 |
|
|a Michna z Otradovic, Adam Václav,
|d 1600-1676
|7 jk01081495
|4 cmp
|
| 700 |
1 |
|
|a Holan, Václav Karel,
|d 1644-1718
|7 jo2004213782
|4 cmp
|
| 700 |
1 |
|
|a Mach, Stanislav,
|d 1906-1975
|7 jk01072898
|4 cmp
|
| 700 |
1 |
|
|a Fibich, Zdeněk,
|d 1850-1900
|7 jk01031059
|4 cmp
|
| 700 |
1 |
|
|a Gruber, Franz Xaver,
|d 1787-1863
|7 jn20000602638
|4 cmp
|
| 700 |
1 |
|
|a Cafourková Ďuricová, Lenka,
|d 1986-
|7 pna2015867446
|4 sng
|
| 700 |
1 |
|
|a Fialová, Helena,
|d 1976-
|7 mzk2010583554
|4 itr
|
| 700 |
1 |
|
|a Krejčí, Jana
|4 itr
|
| 700 |
1 |
|
|a Krček, Jaroslav,
|d 1939-
|7 jn19990209419
|4 arr
|4 itr
|4 sng
|
| 710 |
2 |
|
|a Q VOX (hudební skupina)
|7 xx0069226
|4 itr
|
| 910 |
|
|
|a BOA001
|b CDR-1502.567
|
| 990 |
|
|
|a AV
|
| 991 |
|
|
|b 202304
|
| 996 |
6 |
|
|b 2610929462
|c CDR-1502.567
|l MZK
|r Sklad / do 24 hodin
|n 0
|p p.v.
|w 001913359
|u 000010
|a 1
|e BOA001
|j MZK50
|s P
|